Adivina el futbolista - Estadísticas

Estadísticas generales
  • Esta prueba ha sido intentada 74 veces
  • La puntuación promedio es 10 de 16
Estadísticas de respuestas
Imagen Respuesta % Correcto
Totti
100%
Gerrard
97%
Pedro
92%
Gyokeres
89%
Yaya Toure
85%
Sneijder
80%
Oscar
77%
Essien
73%
Trossard
70%
Suker
64%
Vicario
58%
Moleiro
55%
Inui
42%
Aritz Elustondo
24%
Nyland
12%
Mika Mármol
9%
No se encontraron pruebas coincidentes
Distribución de puntuación
Porcentaje de gente con cada puntuación
Porcentaje por número respondido
Historial de tus puntuaciones
No has intentado esta prueba.